000 00537nam a2200229Ia 4500
003 OSt
005 20220924142017.0
006 a|||||r|||| 00| 0
007 ta
008 220923b |||||||| |||| 00| 0 ben d
024 _a300085
037 _cTextual
040 _aARTS
_cARTS
_bben
041 _2ben
_aben
082 _aV2:1:N2, 157K0
100 _aDas
245 0 _aItihasher dharai bharat
260 _c1960
650 _aHISTORY
942 _hV2:1:N2, 157K0
_cTEXL
_2CC
999 _c448983
_d448983